Statistica amministrativa del Regno d'Italia. (Record no. 165730)

MARC details
000 -LEADER
campo de control de longitud fija 00482nam a22001575i 4500
001 - NÚMERO DE CONTROL
campo de control 165730
003 - IDENTIFICADOR DE NÚMERO DE CONTROL
campo de control ES-MaACL
005 - FECHA Y HORA DE LA ÚLTIMA TRANSACCIÓN
campo de control 20230906213209.0
008 - DATOS DE LONGITUD FIJA--INFORMACIÓN GENERAL
campo de control de longitud fija 050905s1861 it | |||||||| ||ita d
040 ## - FUENTE DE CATALOGACIÓN
Centro catalogador/agencia de origen CAM
Lengua de catalogación spa
Centro/agencia transcriptor CAM
245 00 - MENCIÓN DEL TÍTULO
Título Statistica amministrativa del Regno d'Italia.
250 ## - MENCION DE EDICION
Mención de edición 2ª ed. riveduta et ampliata.
260 ## - PUBLICACIÓN, DISTRIBUCIÓN, ETC.
Lugar de publicación, distribución, etc. Torino :
Nombre del editor, distribuidor, etc. Ministero del l'Interno,
Fecha de publicación, distribución, etc. 1861 (
Fabricante Eredi Botta)
300 ## - DESCRIPCIÓN FÍSICA
Extensión XII, 380 p. ;
Dimensiones 27 cm.
852 ## - LOCALIZACIÓN
Ubicación ES-MaACL
Número de control de estantería C-13336
Nota libre -- Enc. hol.
Holdings
Estatus retirado Estado de pérdida Estado de daño No para préstamo Colección Biblioteca de origen Biblioteca actual Ubicación en estantería Fecha de adquisición Fuente de adquisición Total de préstamos Signatura topográfica completa Código de barras Visto por última vez Precio de reemplazo Tipo de ítem Koha
        Libros del s. XIX Biblioteca del Ateneo de Madrid Biblioteca del Ateneo de Madrid Sala Palomar 17/01/2008     C-13336 1173807 23/02/2023 23/02/2023 Libro impreso antiguo